| 000 | 00620nam a2200181 4500 | ||
|---|---|---|---|
| 010 | _aA-909455 | ||
| 020 | _c00.00 | ||
| 035 | _aA-909455 | ||
| 037 | _aCen Lib/Ret | ||
| 040 |
_aDPL _bEN |
||
| 082 |
_a181.499 _bMOT |
||
| 245 |
_aMother's agenda : _btranslated form the french / |
||
| 260 |
_aParise _bInstitute de recherches evolutives _c1978 |
||
| 270 | _bParise | ||
| 300 |
_a5 v. ; (v 1. 539 ; v 2. 460 ; v 3. 532 ; v .5 344 ; v 7. 340 ) _b22cm _cill |
||
| 500 | _a7 v. ; v 1. 1951-1960 ; v 2. 1961 ; v 3. 1964 ; v 4 (not available) ; v 5. 1964 ; v 7. 1966 | ||
| 942 |
_2ddc _cEN _h181.499 _mMOT |
||
| 999 |
_c136387 _d136387 |
||